000 00920cam a2200265Mi 4500
005 20150126150855.0
008 150126s2012 sp gr 000 0 spa d
020 _a9788434404908
020 _a8434404907
040 _aCO-BoUCM
_bspa
_cJose A. Gerena
_dJose A. Gerena
041 0 _aspa
100 1 _aSavater, Fernando
_d1947-
_938729
245 1 0 _aÉtica de urgencia
_cFernando Savater
260 _aBarcelona (España)
_bAriel
_c2012
300 _a163 páginas
490 1 _aBiblioteca Fernando Savater
_v13
650 7 _9195
_aÉtica
650 7 _aFilosofía
_915725
650 7 _aTecnologías de la información y la comunicación. TICs
_925152
_xAspectos morales y éticos
650 7 _aCiencia
_910767
_xAspectos morales y éticos
650 7 _aInternet
_97754
_xAspectos morales y éticos
690 _942812
_aÉtica
942 _2DEWEY
_a2
_cLIBRO
_e1
_h170
_mS266
999 _c298402
_d298402